=LDR 00000nam 2200000 4500 =001 INLIS000000000020894 =005 20130612115813 =008 ***********************************Ind** =035 ##$$0010-061300000020894 =041 ##$$a Ind =082 ##$$a F Rom D =090 ##$$a F Rom D, Sum p =100 ##$$a Suman HS =245 ##$$a Percobaan setia, Soeman HS =260 ##$$a 1978 $b Jakarta =300 ##$$a 102 hlm, 21 cm =650 ##$$a Fiksi Dewasa =850 ##$$a NBPNMAT